00668nam a2200181 i 450000100060000000300090000600500170001500700030003200800410003510000210007624500970009726000720019430000330026670000280029985200210032799900170034895201210036561667ES-MaACL20230906164521.0t|031113s1909 fr ||||1| fre d1 aFabry, E.94858210aTraité de mathematiques générales / cE. Fabry ; avec une préface de Gaston Darboux. aParis : bA. Hermann et Fils, c1909 (eSaint Amand : fBussière) aX, 440 p. : bil. ; c25 cm.1 aDarboux, Gaston.942689 aES-MaACLjF-3082 c61667d61667 00104070aATENEOMbATENEOMcDEPO2d2008-01-17eSCl0oF-3082p1064662r2023-02-23 00:00:00w2023-02-23yMONOGRAFIA